| 000 | 00861cam a22002891 4500 | ||
|---|---|---|---|
| 001 | 8988 | ||
| 003 | BD-RjUL | ||
| 005 | 20211208234708.0 | ||
| 008 | 140120s1948 nyua b 001 0 eng | ||
| 035 | _a(BD-RjUL)9033 | ||
| 035 | _a(OCoLC)536717 | ||
| 040 |
_aDLC _cODaWU _dOCoLC _dFrPBIS _dDLC _dBD-RjUL _beng |
||
| 041 | _aeng | ||
| 082 |
_a534 _bMOV 1948 |
||
| 100 | 1 |
_aMorse, Philip M. _q(Philip McCord), _d1903-1985. _925853 |
|
| 245 | 1 | 0 |
_aVibration and sound / _cPhilip M. Morse |
| 250 | _a2d ed. | ||
| 260 |
_aNew York : _bMcGraw-Hill Book Co., _cc1948. |
||
| 300 |
_axix, 468 p. _bdiagrs. _c21 cm. |
||
| 504 | _aBibliography: p. 433. and index. | ||
| 650 | 0 |
_aVibration. _927910 |
|
| 650 | 0 |
_aSound. _927911 |
|
| 942 |
_2ddc _cBK |
||
| 999 |
_c8988 _d8988 |
||